Investigating and managing concerns (Record no. 121606)
[ view plain ]
| 000 -LEADER | |
|---|---|
| fixed length control field | 01030nam a22002177a 4500 |
| 001 - CONTROL NUMBER | |
| control field | 121606 |
| 008 - FIXED-LENGTH DATA ELEMENTS--GENERAL INFORMATION | |
| fixed length control field | 230717s2022 xxk|||||o|||| 00| 0 eng d |
| 041 ## - LANGUAGE CODE | |
| Language code of text/sound track or separate title | eng |
| 110 ## - MAIN ENTRY--CORPORATE NAME | |
| Corporate author | Royal Institution of Chartered Surveyors |
| 245 ## - TITLE STATEMENT | |
| Title | Investigating and managing concerns |
| Medium | [Electronic resource] |
| 260 ## - PUBLICATION INFORMATION | |
| Place of publication | London, |
| Publisher | Royal Institution of Chartered Surveyors, |
| Date | 2022 |
| 300 ## - PHYSICAL DESCRIPTION | |
| Physical description | 8p. |
| 490 ## - SERIES TITLE | |
| Series statement | RICS Regulation |
| 500 ## - GENERAL NOTE | |
| General note | Version 4 with effect from 2 February 2022. |
| 520 ## - ABSTRACT | |
| Abstract | Details about the threshold for commencing an investigation as well as details of steps that we might take instead of an investigation. Appendix A (see item 121605) offers specific advice on Concerns about valuations. |
| 650 ## - KEYWORDS | |
| Keywords | PROFESSIONAL STANDARDS |
| 651 ## - SUBJECT ADDED ENTRY--GEOGRAPHIC NAME | |
| Geographic name | United Kingdom |
| 710 ## - ADDED CORPORATE NAME | |
| Added corporate author | Royal Institution of Chartered Surveyors |
| 856 ## - ONLINE RESOURCE | |
| Uniform Resource Identifier | <a href="https://www.rics.org/content/dam/ricsglobal/documents/standards/2022_February_Investigating_And_Managing_Concerns_Version_4_With_Effect.pdf">https://www.rics.org/content/dam/ricsglobal/documents/standards/2022_February_Investigating_And_Managing_Concerns_Version_4_With_Effect.pdf</a> |
| Public note | Available free on RICS.org |
| 942 ## - ADDED ENTRY ELEMENTS (KOHA) | |
| Suppress in OPAC | Do not suppress in OPAC |
| Lost status | Damaged status | Not for loan | Current library | Shelving location | Date acquired | Total Checkouts | Full call number | Date last seen | Price effective from | Koha item type |
|---|---|---|---|---|---|---|---|---|---|---|
| Virtual | 17/07/2023 | ONLINE PUBLICATION | 17/07/2023 | 17/07/2023 | Online material |